| 000 | 00474nam a22001817a 4500 | ||
|---|---|---|---|
| 003 | OSt | ||
| 005 | 20180116183013.0 | ||
| 008 | 150918b xxu||||| |||| 00| 0 eng d | ||
| 020 | _a9788172249946 | ||
| 040 | _c0 | ||
| 082 | _a658.3 CLA 2005 | ||
| 100 | _aAlan B. Clardy, Ph.D | ||
| 245 | _a50 Case Studies in Management Training | ||
| 260 |
_aUSA _bSanman & Co _c2005 |
||
| 300 |
_a200 Aprox _bPB |
||
| 440 | _a50 Case Studies in Management Training | ||
| 942 |
_2ddc _cBK |
||
| 999 |
_c350367 _d350367 |
||